000 01767cam a22004457i 4500
001 4126
003 FISKH
005 20240607154819.0
008 130930s2014 nyu j 000 1 eng d
010 _a 2013951749
020 _a9780062085573 (trade bdg.)
020 _a9780062085580
020 _a0062085573 (trade bdg.)
035 _a(OCoLC)ocn865011326
040 _aUPZ
_beng
_cUPZ
_erda
_dCO2
_dILC
_dGPI
_dBKL
_dUW3
_dDLC
042 _alccopycat
050 0 0 _aPZ7.M2695
082 0 4 _a813.6
100 1 _aMafi, Tahereh,
245 1 0 _aIgnite me /
_cTahereh Mafi.
250 _aFirst paperback edition, 2015
260 _aNew York :
_bHarper,
_c2014,
300 _a408 pages :
_c21 cm
336 _atext
_btxt
_2rdacontent
337 _aunmediated
_bn
_2rdamedia
338 _avolume
_bnc
_2rdacarrier
490 0 _aShatter Me
_vBook 3
520 _aWith Omega Point destroyed, Juliette doesn't know if the rebels, her friends, or even Adam are alive. But that won't keep her from trying to take down The Reestablishment once and for all. Now she must rely on Warner, the handsome commander of Sector 45. The one person she never thought she could trust. The same person who saved her life. He promises to help Juliette master her powers and save their dying world ... but that's not all he wants with her.
650 0 _aDictatorship
_vJuvenile fiction.
650 0 _aGovernment, Resistance to
_vJuvenile fiction.
650 0 _aSoldiers
_vJuvenile fiction.
650 0 _aAbility
_vJuvenile fiction.
650 1 _aLove
_vFiction.
655 7 _aLove stories.
_2gsafd
655 7 _aScience fiction.
_2gsafd
655 7 _aYoung adult fiction.
_2gsafd
906 _a7
_bcbc
_ccopycat
_d2
_encip
_f20
_gy-gencatlg
942 _2ddc
_cBK
_n0
999 _c4126
_d4126